|
|
|
|
| LEADER |
00000cam a2200000 7i4500 |
| 001 |
0000061052 |
| 005 |
20220105104207.0 |
| 008 |
160313 |
| 020 |
|
|
|a 9789673642076
|
| 090 |
0 |
0 |
|a JP
|b MAL
|
| 100 |
1 |
|
|a Harpreet Kaur
|
| 245 |
0 |
0 |
|a Swan yang liar
|c Harpreet Kaur
|
| 260 |
|
|
|a Selangor :
|b Edukid Pub. Sdn. Bhd ,
|c 2015
|
| 300 |
|
|
|a 100pg. ;
|c 23cm.
|
| 490 |
1 |
|
|a Siri dongeng kanak - kanak
|
| 500 |
|
|
|a Children age 4-6 years old (yellow)
|
| 650 |
|
0 |
|a Folklore
|
| 999 |
|
|
|a 0001389332
|b Book
|c Children Collection
|e Perbadanan Perpustakaan Awam Johor
|
| 999 |
|
|
|a 0001389333
|b Book
|c Children Collection
|e Perbadanan Perpustakaan Awam Johor
|
| 999 |
|
|
|a 0001389334
|b Book
|c Children Collection
|e Perbadanan Perpustakaan Awam Johor
|
| 999 |
|
|
|a 0001392079
|b Book
|c Children Collection
|e Cawangan Taman Universiti
|
| 999 |
|
|
|a 0001392080
|b Book
|c Children Collection
|e Cawangan Pontian
|
| 999 |
|
|
|a 0001392081
|b Book
|c Children Collection
|e Cawangan Bandar Penawar
|
| 999 |
|
|
|a 0001392083
|b Book
|c Children Collection
|e Cawangan Tmn. Ungku Tun Aminah
|
| 999 |
|
|
|a 0001392084
|b Book
|c Children Collection
|e Cawangan Kota Tinggi
|
| 999 |
|
|
|a 0001392085
|b Book
|c Children Collection
|e Cawangan Mersing
|
| 999 |
|
|
|a 0001392086
|b Book
|c Children Collection
|e Cawangan Bandar Tenggara
|
| 999 |
|
|
|a 0001392087
|b Book
|c Children Collection
|e Cawangan Batu Pahat
|
| 999 |
|
|
|a 0001392088
|b Book
|c Children Collection
|e Cawangan Taman Sri Lambak
|
| 999 |
|
|
|a 0001392089
|b Book
|c Children Collection
|e Cawangan Tangkak
|
| 999 |
|
|
|a 0001392090
|b Book
|c Children Collection
|e Cawangan Sri Merlong
|
| 999 |
|
|
|a 0001392091
|b Book
|c Children Collection
|e Cawangan Segamat
|
| 999 |
|
|
|a 0001392092
|b Book
|c Children Collection
|e Cawangan Bukit Gambir
|